[Event "Suwalki op"]
[Site "Suwalki"]
[Date "2010.01.25"]
[Round "2"]
[White "Zdancewicz, Jaroslaw"]
[Black "Buraczewski, Rafal"]
[Result "1-0"]
[WhiteElo "2056"]
[BlackElo "1629"]
[PlyCount "59"]
[EventDate "2010.01.25"]
[EventType "swiss"]
[EventRounds "9"]
[EventCountry "POL"]
[SourceTitle "CBM 134 Extra"]
[Source "ChessBase"]
[SourceDate "2010.03.03"]
[SourceVersion "1"]
[SourceVersionDate "2010.03.03"]
[SourceQuality "1"]

1. e4 d5 2. exd5 Qxd5 3. Nc3 Qa5 4. d4 c6 5. h3 Nf6 6. Bd3 Bf5 7. Qf3 Bxd3 8. Qxd3 e6 9. Nge2 Bd6 10. 0-0 Qc7 11. Ne4 Nxe4 12. Qxe4 Nd7 13. Bf4 0-0-0 14. Bxd6 Qxd6 15. c4 f5 16. Qc2 Nf6 17. Rab1 g5 18. b4 h5 19. c5 Qd5 20. b5 h4 21. Qa4 g4 22. bxc6 Qxc6 23. Qxc6+ bxc6 24. Rb2 gxh3 25. gxh3 Nd5 26. Rfb1 Nc7 27. Rb8+ Kd7 28. R8b7 a6 29. Nf4 Rhe8 30. Nd3 1-0

[Event "Suwalki op"]
[Site "Suwalki"]
[Date "2009.12.29"]
[Round "8"]
[White "Buraczewski, Rafal"]
[Black "Zdancewicz, Jaroslaw"]
[Result "1/2-1/2"]
[WhiteElo "1629"]
[BlackElo "2056"]
[PlyCount "89"]
[EventDate "2009.12.27"]
[EventType "swiss"]
[EventRounds "9"]
[EventCountry "POL"]
[SourceTitle "CBM 134 Extra"]
[Source "ChessBase"]
[SourceDate "2010.03.03"]
[SourceVersion "1"]
[SourceVersionDate "2010.03.03"]
[SourceQuality "1"]

1. d4 Nf6 2. c4 e6 3. Nc3 Bb4 4. Qc2 d5 5. e3 0-0 6. Nf3 b6 7. b3 Bb7 8. Be2 dxc4 9. bxc4 Ne4 10. Bb2 Ng5 11. Qd1 Nd7 12. 0-0 Bxc3 13. Bxc3 Ne4 14. Qc2 Nxc3 15. Qxc3 Qe7 16. Nd2 c5 17. Bf3 Bxf3 18. Nxf3 cxd4 19. exd4 Rac8 20. Qb3 Nf6 21. Rfe1 Qc7 22. Rac1 Rfd8 23. Red1 h6 24. Rc2 e5 25. d5 Nxd5 26. Rcd2 Nf4 27. Rxd8+ Rxd8 28. Rxd8+ Qxd8 29. c5 bxc5 30. Nxe5 Qd5 31. Qxd5 Nxd5 32. Kf1 a5 33. Ke1 Nb4 34. Nc4 a4 35. Kd2 Kf8 36. Kc3 Ke7 37. Kb2 Ke6 38. Nb6 Ke5 39. Nxa4 Kd4 40. Nb6 Kd3 41. Nd7 c4 42. Ne5+ Kd4 43. Nxf7 c3+ 44. Kb3 Kd3 45. Ne5+ 1/2-1/2

[Event "Suwalki op"]
[Site "Suwalki"]
[Date "2009.12.29"]
[Round "7"]
[White "Svitojus, Zygimantas"]
[Black "Zdancewicz, Jaroslaw"]
[Result "0-1"]
[WhiteElo "1812"]
[BlackElo "2056"]
[PlyCount "106"]
[EventDate "2009.12.27"]
[EventType "swiss"]
[EventRounds "9"]
[EventCountry "POL"]
[SourceTitle "CBM 134 Extra"]
[Source "ChessBase"]
[SourceDate "2010.03.03"]
[SourceVersion "1"]
[SourceVersionDate "2010.03.03"]
[SourceQuality "1"]

1. e4 c5 2. Nf3 d6 3. d4 cxd4 4. Nxd4 Nf6 5. Nc3 a6 6. Be2 e5 7. Nb3 Be7 8. Be3 Be6 9. Nd5 Nxd5 10. exd5 Bf5 11. c4 Nd7 12. Nd2 0-0 13. b4 b6 14. 0-0 Bg6 15. a4 f5 16. f3 Bg5 17. Bxg5 Qxg5 18. f4 exf4 19. Nf3 Qh6 20. Nd4 Ne5 21. Ne6 Rf6 22. Ra3 f3 23. Raxf3 Nxf3+ 24. Rxf3 Bh5 25. Rc3 Bxe2 26. Qxe2 Re8 27. Rh3 Rfxe6 28. dxe6 Qxe6 29. Qxe6+ Rxe6 30. Rd3 Kf7 31. Kf2 Ke7 32. Kf3 g5 33. Rd5 g4+ 34. Kf2 Re4 35. c5 dxc5 36. bxc5 bxc5 37. Rxc5 Kf6 38. Rc6+ Re6 39. Rc5 Kg5 40. g3 h5 41. Rd5 Rc6 42. Ra5 h4 43. gxh4+ Kf4 44. h5 Ke4 45. Kg3 Rc3+ 46. Kg2 f4 47. h6 Rc2+ 48. Kf1 Kf3 49. Ke1 Rxh2 50. Rxa6 g3 51. Rg6 Rh1+ 52. Kd2 g2 53. a5 Rxh6 0-1

[Event "Suwalki op"]
[Site "Suwalki"]
[Date "2009.12.28"]
[Round "4"]
[White "Mockun, Dawid"]
[Black "Zdancewicz, Jaroslaw"]
[Result "0-1"]
[WhiteElo "1672"]
[BlackElo "2056"]
[PlyCount "72"]
[EventDate "2009.12.27"]
[EventType "swiss"]
[EventRounds "9"]
[EventCountry "POL"]
[SourceTitle "CBM 134 Extra"]
[Source "ChessBase"]
[SourceDate "2010.03.03"]
[SourceVersion "1"]
[SourceVersionDate "2010.03.03"]
[SourceQuality "1"]

1. d4 Nf6 2. c4 e6 3. Nc3 Bb4 4. Bd2 b6 5. e3 0-0 6. Nf3 Bb7 7. Be2 d6 8. 0-0 Nbd7 9. a3 Bxc3 10. Bxc3 Ne4 11. Qc2 f5 12. Rad1 Qe7 13. d5 Nxc3 14. Qxc3 e5 15. Qc2 Bc8 16. Ne1 e4 17. Qc3 Ne5 18. f4 exf3 19. Bxf3 Ba6 20. b3 Rae8 21. Nc2 Bc8 22. Rde1 Rf6 23. Nd4 Rh6 24. Qc2 Qh4 25. h3 Qg5 26. Kh1 Rf8 27. Ne6 Bxe6 28. dxe6 Nxf3 29. Rxf3 Rxe6 30. b4 Re5 31. e4 Rfe8 32. Ref1 fxe4 33. Rf7 e3 34. Rxc7 e2 35. Re1 Qg3 36. Qd2 Rf8 0-1

[Event "Suwalki op"]
[Site "Suwalki"]
[Date "2009.12.27"]
[Round "3"]
[White "Zdancewicz, Jaroslaw"]
[Black "Kalejta, Arkadiusz"]
[Result "1-0"]
[WhiteElo "2056"]
[BlackElo "1636"]
[PlyCount "43"]
[EventDate "2009.12.27"]
[EventType "swiss"]
[EventRounds "9"]
[EventCountry "POL"]
[SourceTitle "CBM 134 Extra"]
[Source "ChessBase"]
[SourceDate "2010.03.03"]
[SourceVersion "1"]
[SourceVersionDate "2010.03.03"]
[SourceQuality "1"]

1. e4 e6 2. d4 d5 3. Nd2 Nf6 4. e5 Nfd7 5. Bd3 c5 6. c3 Nc6 7. Ne2 cxd4 8. cxd4 f6 9. exf6 Nxf6 10. 0-0 Bd6 11. Nf3 0-0 12. Bf4 Ng4 13. Bxd6 Qxd6 14. Ng3 e5 15. dxe5 Ncxe5 16. Nxe5 Nxe5 17. Bc2 Bg4 18. Qd4 Be6 19. Rae1 Ng4 20. h3 Nf6 21. Bb3 Nd7 22. Rxe6 1-0

[Event "Suwalki Elo op"]
[Site "Suwalki"]
[Date "2008.01.24"]
[Round "9"]
[White "Barmuta, Bartosz"]
[Black "Zdancewicz, Jaroslaw"]
[Result "0-1"]
[WhiteElo "1800"]
[BlackElo "2056"]
[PlyCount "74"]
[EventDate "2008.01.21"]
[EventType "swiss"]
[EventRounds "9"]
[EventCountry "POL"]
[SourceTitle "EXT 2010"]
[Source "ChessBase"]
[SourceDate "2010.11.25"]
[SourceVersion "1"]
[SourceVersionDate "2010.11.25"]
[SourceQuality "1"]

1. e4 e5 2. Nf3 Nc6 3. Bc4 Be7 4. 0-0 Nf6 5. Nc3 0-0 6. d3 d6 7. Be3 Na5 8. Bb3 Nxb3 9. axb3 a6 10. h3 Ne8 11. Nd2 f5 12. f4 exf4 13. Bxf4 Bg5 14. Bxg5 Qxg5 15. Qe1 f4 16. Nf3 Qh6 17. Qh4 Qxh4 18. Nxh4 g5 19. Nf3 h6 20. Nd5 Be6 21. Nc3 Nf6 22. Nd4 Bd7 23. Rae1 Rae8 24. b4 c6 25. Na4 c5 26. Nf5 Bxa4 27. Nxd6 Re7 28. b3 Be8 29. bxc5 Bg6 30. b4 Ne8 31. Nc4 Nc7 32. c3 Nb5 33. Rc1 Bf7 34. Nd2 Rd8 35. d4 Nxd4 36. cxd4 Rxd4 37. Rb1 Rxd2 0-1

[Event "Suwalki Elo op"]
[Site "Suwalki"]
[Date "2008.01.23"]
[Round "6"]
[White "Zdancewicz, Jaroslaw"]
[Black "Trojniar, Marcin"]
[Result "1-0"]
[WhiteElo "2056"]
[BlackElo "1437"]
[PlyCount "63"]
[EventDate "2008.01.21"]
[EventType "swiss"]
[EventRounds "9"]
[EventCountry "POL"]
[SourceTitle "EXT 2010"]
[Source "ChessBase"]
[SourceDate "2010.11.25"]
[SourceVersion "1"]
[SourceVersionDate "2010.11.25"]
[SourceQuality "1"]

1. e4 e5 2. Nf3 Nc6 3. Bb5 a6 4. Ba4 b5 5. Bb3 Be7 6. 0-0 Nf6 7. Re1 0-0 8. c3 Bb7 9. d4 exd4 10. cxd4 d5 11. e5 Ne8 12. Nc3 Na5 13. Bc2 Nc4 14. Qd3 g6 15. h3 Ng7 16. Nh2 Ne6 17. f4 c5 18. dxc5 Bxc5+ 19. Kh1 Nd4 20. b3 Nb6 21. Bb2 Rc8 22. Rac1 Nf5 23. Ne2 Be3 24. Rcd1 Qc7 25. Bb1 Qc6 26. Ng4 Bc5 27. Nd4 Bxd4 28. Bxd4 Nxd4 29. Qxd4 Qc5 30. f5 Nd7 31. e6 fxe6 32. Nh6# 1-0

[Event "Suwalki Elo op"]
[Site "Suwalki"]
[Date "2008.01.22"]
[Round "3"]
[White "Zdancewicz, Jaroslaw"]
[Black "Raszkiewicz, Agnieszka"]
[Result "1/2-1/2"]
[WhiteElo "2056"]
[BlackElo "1833"]
[PlyCount "50"]
[EventDate "2008.01.21"]
[EventType "swiss"]
[EventRounds "9"]
[EventCountry "POL"]
[SourceTitle "EXT 2010"]
[Source "ChessBase"]
[SourceDate "2010.11.25"]
[SourceVersion "1"]
[SourceVersionDate "2010.11.25"]
[SourceQuality "1"]

1. e4 c5 2. Nf3 d6 3. Bb5+ Bd7 4. Bxd7+ Qxd7 5. 0-0 Nf6 6. Nc3 Nc6 7. d4 cxd4 8. Nxd4 e6 9. Be3 Be7 10. Qe2 0-0 11. Rad1 a6 12. f4 Qc7 13. f5 Nxd4 14. Bxd4 Rac8 15. fxe6 fxe6 16. e5 dxe5 17. Bxe5 Qb6+ 18. Bd4 Bc5 19. Bxc5 Qxc5+ 20. Kh1 Rc6 21. Rd2 Qb4 22. Nd1 Nd5 23. Rxf8+ Qxf8 24. c3 Qf5 25. Qd3 Qxd3 1/2-1/2

[Event "Suwalki Elo op"]
[Site "Suwalki"]
[Date "2008.01.21"]
[Round "2"]
[White "Pietruszewski, Marcin"]
[Black "Zdancewicz, Jaroslaw"]
[Result "1/2-1/2"]
[WhiteElo "1886"]
[BlackElo "2056"]
[PlyCount "39"]
[EventDate "2008.01.21"]
[EventType "swiss"]
[EventRounds "9"]
[EventCountry "POL"]
[SourceTitle "EXT 2010"]
[Source "ChessBase"]
[SourceDate "2010.11.25"]
[SourceVersion "1"]
[SourceVersionDate "2010.11.25"]
[SourceQuality "1"]

1. e4 c5 2. Nf3 d6 3. d4 cxd4 4. Nxd4 Nf6 5. Nc3 a6 6. Bc4 e6 7. Bg5 Be7 8. f4 Qc7 9. Bb3 Nc6 10. f5 Nxd4 11. Qxd4 Bd7 12. 0-0-0 Rc8 13. Rhe1 b5 14. fxe6 Bxe6 15. Bxf6 Bxf6 16. Qxd6 Bxb3 17. axb3 Bxc3 18. bxc3 Qxc3 19. Re2 Qa1+ 20. Kd2 1/2-1/2

[Event "Suwalki op-A"]
[Site "Suwalki"]
[Date "2000.??.??"]
[Round "?"]
[White "Mironov, Ilya"]
[Black "Zdancewicz, Jaroslaw"]
[Result "1-0"]
[WhiteElo "2325"]
[BlackElo "2110"]
[PlyCount "93"]
[EventDate "2000.08.??"]
[EventType "swiss"]
[EventRounds "10"]
[EventCountry "POL"]
[SourceTitle "EXT 2003"]
[Source "ChessBase"]
[SourceDate "2002.11.25"]
[SourceVersion "1"]
[SourceVersionDate "2002.11.25"]
[SourceQuality "1"]

1. Nf3 Nf6 2. c4 c5 3. Nc3 g6 4. e4 d6 5. d4 cxd4 6. Nxd4 Bg7 7. Be2 0-0 8. 0-0 Nc6 9. Be3 a6 10. f3 Bd7 11. Qd2 Rb8 12. Rfc1 Nxd4 13. Bxd4 b5 14. cxb5 axb5 15. b4 Ne8 16. a4 bxa4 17. b5 Bxd4+ 18. Qxd4 Nf6 19. Rxa4 Qb6 20. Qxb6 Rxb6 21. Rca1 Kg7 22. Rc4 Rb7 23. Rb4 Be6 24. b6 d5 25. Ra7 Rfb8 26. Na4 dxe4 27. Rxb7 Rxb7 28. Nc5 Rb8 29. b7 Bd5 30. fxe4 Nxe4 31. Nxe4 Bxe4 32. Rxe4 Rxb7 33. Kf2 e6 34. Re5 Kf6 35. Rb5 Rd7 36. Bf3 h6 37. Rb7 Rxb7 38. Bxb7 Kg5 39. Kg3 f5 40. Kf3 e5 41. Ke3 h5 42. Bc6 h4 43. h3 Kf6 44. Be8 g5 45. Bd7 Kg6 46. Kd3 Kh5 47. Bxf5 1-0

[Event "Suwalki op-A"]
[Site "Suwalki"]
[Date "2000.??.??"]
[Round "?"]
[White "Niebrzydowski, Maciej"]
[Black "Zdancewicz, Jaroslaw"]
[Result "1/2-1/2"]
[WhiteElo "2045"]
[BlackElo "2110"]
[PlyCount "63"]
[EventDate "2000.08.??"]
[EventType "swiss"]
[EventRounds "10"]
[EventCountry "POL"]
[SourceTitle "EXT 2003"]
[Source "ChessBase"]
[SourceDate "2002.11.25"]
[SourceVersion "1"]
[SourceVersionDate "2002.11.25"]
[SourceQuality "1"]

1. d4 Nf6 2. Nf3 c5 3. e3 g6 4. c4 Bg7 5. Nc3 0-0 6. Be2 cxd4 7. exd4 d5 8. b3 Nc6 9. 0-0 b6 10. Bb2 Bb7 11. a3 e6 12. Rc1 Ne4 13. Qd3 Rc8 14. Rfd1 Na5 15. Nb1 Ba6 16. Qe3 Nd6 17. cxd5 Rxc1 18. Bxc1 Bxe2 19. Qxe2 exd5 20. Bg5 Qd7 21. Qe7 Qe6 22. Qxe6 fxe6 23. Be7 Rxf3 24. gxf3 Nf5 25. b4 Nc4 26. Bg5 Nxd4 27. Kg2 Nc2 28. Rc1 N2xa3 29. Nxa3 Nxa3 30. Rc8+ Kf7 31. Rc7+ Kg8 32. Rc8+ 1/2-1/2

[Event "Suwalki op-A"]
[Site "Suwalki"]
[Date "2000.??.??"]
[Round "?"]
[White "Veremeichik, Vladimir"]
[Black "Zdancewicz, Jaroslaw"]
[Result "1/2-1/2"]
[WhiteElo "2390"]
[BlackElo "2110"]
[PlyCount "83"]
[EventDate "2000.08.??"]
[EventType "swiss"]
[EventRounds "10"]
[EventCountry "POL"]
[SourceTitle "EXT 2003"]
[Source "ChessBase"]
[SourceDate "2002.11.25"]
[SourceVersion "1"]
[SourceVersionDate "2002.11.25"]
[SourceQuality "1"]

1. d4 Nf6 2. c4 c5 3. d5 b5 4. cxb5 a6 5. bxa6 Bxa6 6. Nc3 d6 7. g3 g6 8. h4 Bg7 9. Nh3 0-0 10. Nf4 Nbd7 11. Qc2 Ne5 12. Bh3 Qa5 13. 0-0 Rfb8 14. b3 c4 15. Rb1 Ne8 16. Bd2 cxb3 17. axb3 Qa3 18. Ne4 Bc8 19. Kg2 Bxh3+ 20. Kxh3 Rc8 21. Qd1 Rab8 22. Be3 Nc7 23. Ra1 Qb2 24. Ra4 Nb5 25. Qd2 Qxd2 26. Nxd2 h6 27. Rb4 g5 28. hxg5 hxg5 29. Nh5 g4+ 30. Kg2 Nc3 31. Rxb8 Rxb8 32. Nf4 Rb5 33. Rc1 Nxd5 34. Rc8+ Kh7 35. Nxd5 Rxd5 36. Rc7 e6 37. Ne4 Kg6 38. Nc3 Ra5 39. b4 Ra3 40. Nb5 Rb3 41. Nxd6 Rxb4 42. Rb7 1/2-1/2